<?xml version="1.0" encoding="UTF-8"?>
<record
    xmlns:xsi="http://www.w3.org/2001/XMLSchema-instance"
    xsi:schemaLocation="http://www.loc.gov/MARC21/slim http://www.loc.gov/standards/marcxml/schema/MARC21slim.xsd"
    xmlns="http://www.loc.gov/MARC21/slim">

  <leader>01284nam a22001577a 4500</leader>
  <datafield tag="999" ind1=" " ind2=" ">
    <subfield code="c">517553</subfield>
    <subfield code="d">517553</subfield>
  </datafield>
  <controlfield tag="008">210720b           ||||| |||| 00| 0 eng d</controlfield>
  <datafield tag="100" ind1=" " ind2=" ">
    <subfield code="a">Vaagaasar, A.L., Hernes, T. and Dille, T. </subfield>
    <subfield code="9">26781</subfield>
  </datafield>
  <datafield tag="245" ind1=" " ind2=" ">
    <subfield code="a">The challenges of implementing temporal shifts in temporary organizations: Implications of a situated temporal view</subfield>
  </datafield>
  <datafield tag="260" ind1=" " ind2=" ">
    <subfield code="a">Project Management Journal  </subfield>
  </datafield>
  <datafield tag="300" ind1=" " ind2=" ">
    <subfield code="a">51(4), Aug, 2020: p.420-428</subfield>
  </datafield>
  <datafield tag="520" ind1=" " ind2=" ">
    <subfield code="a">We apply a situated temporal view to reveal the acute challenge actors face in making changes when their project moves toward its final deadline. A situated temporal view takes account not just of the dwindling time left to change the future but also the lingering past, the combination of which poses particular challenges to organizers. We discuss aspects of temporary organizing that make such temporal shifts challenging: the complex interplay between temporal structures and practices, multiple temporal orientations, and deferred timing of temporal shifts. We suggest ideas for further research to apply a situated temporal view to temporary organizing. &#x2013; Reproduced </subfield>
  </datafield>
  <datafield tag="650" ind1=" " ind2=" ">
    <subfield code="a">Temporary organization, Project, Time frame, Shifts, Situated temporality</subfield>
    <subfield code="9">25435</subfield>
  </datafield>
  <datafield tag="773" ind1=" " ind2=" ">
    <subfield code="a">Project Management Journal </subfield>
  </datafield>
  <datafield tag="906" ind1=" " ind2=" ">
    <subfield code="a">PROJECT MANAGEMENT</subfield>
  </datafield>
  <datafield tag="942" ind1=" " ind2=" ">
    <subfield code="c">AR</subfield>
  </datafield>
  <datafield tag="952" ind1=" " ind2=" ">
    <subfield code="0">0</subfield>
    <subfield code="1">0</subfield>
    <subfield code="2">ddc</subfield>
    <subfield code="4">0</subfield>
    <subfield code="7">0</subfield>
    <subfield code="9">391622</subfield>
    <subfield code="a">IIPA</subfield>
    <subfield code="b">IIPA</subfield>
    <subfield code="d">2021-07-20</subfield>
    <subfield code="h">51(4), Aug, 2020: p.420-428</subfield>
    <subfield code="p">AR124832</subfield>
    <subfield code="r">2021-07-20</subfield>
    <subfield code="y">AR</subfield>
  </datafield>
</record>
